|
|
|
|
| LEADER |
00000naa0a2200000 4500 |
| 001 |
654789 |
| 005 |
20250911111709.0 |
| 035 |
|
|
|a (RuTPU)RU\TPU\network\20476
|
| 035 |
|
|
|a RU\TPU\network\18828
|
| 090 |
|
|
|a 654789
|
| 100 |
|
|
|a 20170522d2016 k||y0rusy50 ca
|
| 101 |
0 |
|
|a rus
|
| 102 |
|
|
|a RU
|
| 135 |
|
|
|a drcn ---uucaa
|
| 181 |
|
0 |
|a i
|
| 182 |
|
0 |
|a b
|
| 200 |
1 |
|
|a Зональное районирование нефтеносности баженовской сланцевой формации юго-востока Западной Сибири
|f В. И. Исаев [и др.]
|
| 203 |
|
|
|a Текст
|c электронный
|
| 225 |
1 |
|
|a Инновации в разведке и разработке нефтяных и газовых месторождений. Нетрадиционные залежи
|
| 300 |
|
|
|a Заглавие с экрана
|
| 320 |
|
|
|a [Библиогр.: с. 158-159 (12 назв.)]
|
| 461 |
|
1 |
|t Инновации в разведке и разработке нефтяных и газовых месторождений
|o материалы Международной научно-практической конференции, посвященной 100-летию со дня рождения В. Д. Шашина, 7-8 сентября 2016 года, Казань
|f науч. ред. Р. Х. Муслимов, М. Х. Салахов
|d 2016
|
| 463 |
|
|
|t Т. 1
|v [С. 155-159]
|d 2016
|
| 610 |
1 |
|
|a электронный ресурс
|
| 610 |
1 |
|
|a труды учёных ТПУ
|
| 610 |
1 |
|
|a нефтеносность
|
| 610 |
1 |
|
|a районирование
|
| 610 |
1 |
|
|a баженовская свита
|
| 610 |
1 |
|
|a юго-восток
|
| 610 |
1 |
|
|a Западная Сибирь
|
| 701 |
|
1 |
|a Исаев
|b В. И.
|c геолог
|c профессор Томского политехнического университета, доктор геолого-минералогических наук
|f 1952-
|g Валерий Иванович
|3 (RuTPU)RU\TPU\pers\24786
|
| 701 |
|
1 |
|a Лобова
|b Г. А.
|c геофизик
|c доцент Томского политехнического университета, кандидат геолого-минералогических наук
|f 1952-
|g Галина Анатольевна
|3 (RuTPU)RU\TPU\pers\28751
|9 13541
|
| 701 |
|
1 |
|a Фомин
|b А. Н.
|g Александр Николаевич
|
| 701 |
|
1 |
|a Осипова
|b Е. Н.
|c геолог
|c старший преподаватель Томского политехнического университета, кандидат геолого-минералогических наук
|f 1960-
|g Елизавета Николаевна
|3 (RuTPU)RU\TPU\pers\27293
|9 12711
|
| 801 |
|
1 |
|a RU
|b 63413507
|c 20141010
|
| 801 |
|
2 |
|a RU
|b 63413507
|c 20170522
|g RCR
|
| 856 |
4 |
|
|u http://www.spsl.nsc.ru/FullText/konfe/IGRRN-t12016.pdf#page=155
|
| 942 |
|
|
|c CF
|